[Event "Lugano Paradiso op 19th"]
[Site "Lugano"]
[Date "2022.05.07"]
[Round "3"]
[White "Duernhoefer, Andrea"]
[Black "Bosov, Kirill"]
[Result "1-0"]
[WhiteElo "1838"]
[BlackElo "1487"]
[PlyCount "111"]
[EventDate "2022.05.06"]
[EventType "swiss"]
[EventRounds "5"]
[EventCountry "SUI"]
[SourceTitle "CBM 208 Extra"]
[Source "ChessBase"]
[SourceDate "2022.07.31"]
[SourceVersion "1"]
[SourceVersionDate "2022.07.31"]
[SourceQuality "1"]

1. e4 d5 2. exd5 Qxd5 3. Nc3 Qa5 4. d4 Nf6 5. Nf3 Bf5 6. Bd3 Bxd3 7. Qxd3 e6 8. 0-0 Be7 9. Bd2 c6 10. Rfe1 Nbd7 11. a3 Qc7 12. h3 Nb6 13. Ne4 Nxe4 14. Qxe4 Nd5 15. c4 Nf6 16. Qe2 0-0 17. Rac1 Rfe8 18. Bc3 Qd8 19. Rcd1 Qc7 20. Ne5 Rad8 21. Rd3 Nd7 22. Qg4 Nxe5 23. Rxe5 Bf6 24. Ree3 c5 25. Rg3 cxd4 26. Bxd4 Bxd4 27. Rxd4 Qe5 28. Rgd3 Qc7 29. Qd1 Rxd4 30. Rxd4 h6 31. b3 Kf8 32. Rd7 Qb6 33. b4 Re7 34. Rd6 Qc7 35. Rd8+ Re8 36. Rd7 Qc6 37. Qd4 a6 38. f3 Re7 39. Rd8+ Re8 40. Rd6 Qc7 41. c5 Ke7 42. Qxg7 Rd8 43. Rxd8 Qxd8 44. Qxh6 Qd4+ 45. Kh2 Qe5+ 46. f4 Qb2 47. Qg5+ Kd7 48. Qg3 Qd4 49. Qf3 Qd5 50. Qxd5+ exd5 51. Kg3 Ke6 52. Kf3 Kf5 53. g4+ Ke6 54. Ke3 f6 55. Kd4 f5 56. g5 1-0